| 000 | 00318nam a22001337a 4500 | ||
|---|---|---|---|
| 020 | _a9780070534780 | ||
| 040 | _cNUST | ||
| 082 |
_a670.42 _bBAW |
||
| 100 |
_aH S Bawa _9124667 |
||
| 245 | _aWorkshop Practice | ||
| 260 |
_aIndia: _bTata McGraw Hill, _c2007. |
||
| 650 |
_aWorkshop Practice _9112944 |
||
| 942 |
_2ddc _cBK |
||
| 999 |
_c610468 _d610468 |
||